000 01154nam a2200289 a 4500
001 000006734
003 DO-SdBNP
005 20221115083603.0
008 090902s2006 dr a 001 0 spa d
020 _a9945160583
040 _aDO-SdBNP
_bspa
_cBPMSU
082 _a796.35707293
_bL194L 2006
_222
100 1 _aAlba, Orlando
245 1 0 _aLengua y béisbol en la República Dominicana /
_cOrlando Alba.
260 _aSanto Domingo :
_bSecretaría de Estado de Cultura,
_c2006.
300 _a295 p. :
_bil. ;
_c26 cm.
500 _aIncluye referencias bibliográficas p. 291-295
500 _aIncluye datos biográficos del autor en la solapa de la cubierta.
505 0 _aPresentación -- Prólogo -- Introducción -- Datos fonéticos y morfosintácticos -- El léxico -- Glosario -- Coclusiones -- Apéndice -- Bibliografía.
590 _6Inventariado, 2022/VM
650 4 _aBéisbol
_zRepública Dominicana
_xTerminología
650 4 _aDominicanismos
651 4 _aRepública Dominicana
_xVida social y costumbres
710 2 _aSecretaría de Estado de Cultura (República Dominicana )
910 _aVMateo V. /Validado
942 _2ddc
_cBK
999 _c14326
_d14326